Ultimate Cuphead level quiz - Statistics

General Stats
  • This quiz has been taken 20 times
  • The average score is 9 of 24
Answer Stats
Hint Answer % Correct
The Root pack Botanic panic
100%
Run and gun Forest follies
81%
Goopy le grande Ruse of an ooze
81%
Ribby and croaks Clip joint calamity
56%
The devil One hell of a time
50%
Dr kahl's robot Junkyard jive
44%
Djimmi the great Pyramid peril
44%
King dice All bets are off
38%
Wally warbles Aviary action
38%
Beppi the clown Carnival kerfuffle
38%
Grim matchstick Fiery frolic
38%
Run and gun Funhouse frazzle
38%
Baroness von bon bon Sugarland shimmy
38%
Run and gun Treetop trouble
38%
Sally stageplay Dramatic fanatic
31%
Cagney carnation Floral fury
31%
Rumor honeybottoms Honeycomb herald
31%
Werner werman Murine corps
25%
Run and gun Rugged ridge
25%
Cala maria High seas hi-jinx
19%
Phantom express Railroad wrath
19%
Captain brineybeard Shootin n lootin
13%
Run and gun Perilous peirs
0%
Hilda berg Threatenin zepplelin
0%
No matching quizzes found
Score Distribution
Percent of People with Each Score
Percentile by Number Answered
Your Score History
You have not taken this quiz